000 00869nam a2200241 a 4500
001 000013401
005 20240306073903.0
008 091124s2008 dr a 000 0 spa d
020 _a9789945111842
040 _aDO-SdBNP
_bspa
_cBNPHU
082 _a372.61
_bG943e
245 0 0 _aGuía español 1 /
_cdirección editorial Obdulia García de Escobar ; editores Manuel García-Cartagena, María Isabel Incháustegui.
260 _aSanto Domingo :
_bSantillana,
_c2008.
300 _axvii, 199 p. :
_bil. ;
_c30 cm.
490 1 _acoral
650 4 _aEspañol
_xGramática
_xEnseñanza básica
_919095
650 4 _aEspañol
_xGramática
_xLibros de téxto
_93886
700 1 _aGarcía Escobar, Obdulia de
_eed.
_929220
700 1 _aGarcía Cartagena, Manuel
_eed.
_912067
700 1 _aIncháustegui, María Isabel,
_eed.
_929568
830 0 _aCoral
_930539
049 _aBNPD
999 _c13027
_d13027